000 01250nam a2200361Ia 4500
001 058388
008 221003m2020 xx 000 0 spa d
035 _aCENDO_47950
041 _aspa
245 0 _a<La> epidemia del coronavirus revela la debilidad de la prevención de riesgos laborales
260 _aToledo :
_bCCOO Castilla-La Mancha,
_c2020
300 _a1 p. ;
_c 30 cm
500 _aEn: Gaceta Sindical Digital : Castilla-La Mancha, n. 377 (abril 2020), p. 9
650 _aDIA MUNDIAL DE LA SEGURIDAD Y SALUD EN EL TRABAJO
_939765
650 0 _aACTITUD SINDICAL
_961
650 0 _aENFERMEDAD INFECCIOSA
_98551
650 _aEPIDEMIA
_913534
650 _aSEGURIDAD EN EL TRABAJO
_9492
650 _aPREVENCION
_94589
650 0 _aDERECHOS DE LOS TRABAJADORES
_94
650 _aSALUD EN EL TRABAJO
_9155
650 0 _aCOVID-19
_916125
710 _aCCOO
_bCastilla-La Mancha
_924880
856 _zPDF
_uhttp://docpublicos.ccoo.es/cendoc/058388EpidemiaCoronavirusPRL.pdf
901 _a0
903 _aNO
904 _a000
907 _a28 de Abril
953 _d2020-04-30
_yDOCU_ELEC
_hGaceta Sindical Digital : Castilla-La Mancha, n. 377 (abril 2020), p. 9
_tPS98
999 _c47949
_d47949
910 _a2020
942 _cDOCU_ELEC